000 01126nam a2200313 i 4500
001 196757
003 SpMaBN
005 20250724063440.0
007 t|
008 241107|2024 xx |||||||||||||| ||spa||
017 _aM 9220-2024
_bOficina Depósito Legal Madrid
020 _a9788412809787
040 _aSpMaBN
_bspa
_cSpMaBN
_erda
100 1 _992970
_aPondal, Eduardo,
_d1835-1917
_eaut
245 1 0 _aPoemas /
_cEduardo Pondal ; traducción de Julia Ures, introducción de Miguel Losada
260 _aMadrid :
_bEditorial Polibea,
_c2024.
300 _a209 páginas ;
_c19 cm
336 _2rdacontent
_atexto
337 _2rdamedia
_asin mediación
338 _2rdacarrier
_avolumen
655 7 _2tgfbne
_9176539
_aPoesías
852 _aES-MaACL
_cDEPOJ
_jN-10196
_hDonación: Miguel Losada
_xEncuadernación rústica con solapas
_9206323
903 _974261
_aLosada, Miguel
_ednr
942 _cMONOGRAFIA
_n0
999 _c196757
_d196757